00719cam7a220022900 4500001001200000003000500012005001700017008004100034035001900075035002200094040000900116100003800125245002100163260007600184504004100260650008200301949004400383004000600427987001400433987002300447999001900470tmp15861507UPRA20190830104059.0951107s1976 xx spa u a(Sirsi) r25417 a(UPRA)tmp15861507 cUPRA1 aGuilbert, Jean-Jacques.6A56269.110aGuia pedagogica. aMadind :borganizacion mundial de la Salud Fundacion Juan March,c1976. aIncludes bibliographical references. 0aEducation -- Aims and objectives.xEducation -- Aims and objectives.6S3594.1 aLB41wlcci-25542mMAINtBOOKlON-SHELF25417 aWITHDRAWN a260 Madind : typo? c185330d185330